00394nam a2200181Ia 4500003000900000008004100009040001300050040001300063041000800076100001900084245005100103250001000154260001200164260000900176300001100185300001000196490000600206IT-RoPAU120407s9999 xx 000 0 und d aIT-RoPAU cIT-RoPAU aita aPietro Parente aCristo vivente nel mondo. A cura di P. Parente aRoma  aColetti c1956 a956 p. c25 cm v1